Steam Tables with Mollier Chart / (Record no. 32090)

000 -LEADER
fixed length control field 00524 a2200193 4500
003 - CONTROL NUMBER IDENTIFIER
control field OSt
005 - DATE AND TIME OF LATEST TRANSACTION
control field 20260114121607.0
008 - FIXED-LENGTH DATA ELEMENTS--GENERAL INFORMATION
fixed length control field 260114b ||||| |||| 00| 0 eng d
020 ## - INTERNATIONAL STANDARD BOOK NUMBER
International Standard Book Number 978-93-87788-34-3
040 ## - CATALOGING SOURCE
Transcribing agency .
082 ## - DEWEY DECIMAL CLASSIFICATION NUMBER
Classification number 621.10835
Item number K872
100 ## - MAIN ENTRY--PERSONAL NAME
9 (RLIN) 6453
Personal name Kothandaraman, C P
245 ## - TITLE STATEMENT
Title Steam Tables with Mollier Chart /
Statement of responsibility, etc. by C P Kothandaraman
250 ## - EDITION STATEMENT
Edition statement 5th ed.
260 ## - PUBLICATION, DISTRIBUTION, ETC.
Name of publisher, distributor, etc. New Age International Publishers,
Place of publication, distribution, etc. New Delhi :
Date of publication, distribution, etc. 2023.
300 ## - PHYSICAL DESCRIPTION
Extent 76 p.
650 #0 - SUBJECT ADDED ENTRY--TOPICAL TERM
9 (RLIN) 3374
Topical term or geographic name entry element Steam Table
942 ## - ADDED ENTRY ELEMENTS (KOHA)
Source of classification or shelving scheme
Koha item type Books
Holdings
Withdrawn status Lost status Source of classification or shelving scheme Damaged status Not for loan Collection code Permanent Location Current Location Shelving location Date acquired Source of acquisition Cost, normal purchase price Full call number Barcode Date last seen Cost, replacement price Price effective from Koha item type
          Non-fiction IMU Kolkata IMU Kolkata Reference 2026-01-19 29 109.50 621.10835 K872 14444 2026-01-19 150.00 2026-01-19 Books
          Non-fiction IMU Kolkata IMU Kolkata   2026-01-19 29 109.50 621.10835 K872 14445 2026-01-19 150.00 2026-01-19 Books
          Non-fiction IMU Kolkata IMU Kolkata   2026-01-19 29 109.50 621.10835 K872 14446 2026-01-19 150.00 2026-01-19 Books
          Non-fiction IMU Kolkata IMU Kolkata   2026-01-19 29 109.50 621.10835 K872 14447 2026-01-19 150.00 2026-01-19 Books
          Non-fiction IMU Kolkata IMU Kolkata   2026-01-19 29 109.50 621.10835 K872 14448 2026-01-19 150.00 2026-01-19 Books
Designed and Maintained by IMU-KC Library, Kolkata Campus © Copyright All Rights Reserved

webs counters

Powered by Koha